Statistics for Dr Who Years

Click here to take the quiz!

General Stats

  • This quiz has been taken 49 times
  • The average score is 8 of 15

Answer Stats

EpisodeYear% Correct
Season1
100%
Season2
100%
Season3
100%
Season4
96%
Dalek2012
56%
Fear Her2012
56%
The Empty Child1941
44%
Human Nature1913
40%
Father's Day1987
40%
The Unquiet Dead1869
32%
The Unicorn and the Wasp1926
32%
The Idiot's Lantern1953
32%
The Shakespeare Code1599
28%
Tooth and Claw1879
28%
Planet of the Ood4126
8%

Score Distribution

Percentile by Number Answered

Percent of People with Each Score

Your Score History

You have not taken this quiz